On Homosexuality

Đã lưu trong:
Chi tiết về thư mục
Tác giả của công ty: Revolutionary Union
Định dạng: Sách
Ngôn ngữ:Tiếng Anh
Được phát hành: Ann Arbor (Michigan)
Các nhãn: Thêm thẻ
Không có thẻ, Là người đầu tiên thẻ bản ghi này!

MARC

LEADER 00000nam a2200000 4500
001 CDOM0000003799
003 mi
005 20251003230256.0
008 251003b |||||||| |||| 00| 0 eng d
040 |c mi 
245 1 |a On Homosexuality  
260 |a Ann Arbor (Michigan) 
710 |a Revolutionary Union 
942 |2 ddc  |c BK 
952 |0 0  |1 0  |2 ddc  |4 0  |7 0  |9 7008  |a MI  |b MI  |d 2009-09-02  |i 5530  |l 0  |p CDOM5530  |r 2025-07-13 16:28:00  |w 2025-07-13  |x DONO  |y BK 
999 |c 5724  |d 5724